| 000 | 00336nam a2200121Ia 4500 | ||
|---|---|---|---|
| 008 | 210430s9999 xx 000 0 und d | ||
| 082 | _a621.381 F628 E0214 | ||
| 100 |
_aThomas L Floyd _9236 |
||
| 245 |
_aElectronic Devices _cThomas L Floyd |
||
| 260 |
_aIslamabad _bNational Book Foundation _c2002 |
||
| 300 | _a993p. | ||
| 942 |
_cBK _2ddc |
||
| 999 |
_c563170 _d563170 |
||